Marketing Channels (Record no. 33526)

MARC details
000 -LEADER
fixed length control field 00468nam a22001937a 4500
005 - DATE AND TIME OF LATEST TRANSACTION
control field 20230921115146.0
008 - FIXED-LENGTH DATA ELEMENTS--GENERAL INFORMATION
fixed length control field 230913b |||||||| |||| 00| 0 eng d
020 ## - INTERNATIONAL STANDARD BOOK NUMBER
ISBN 9788131717431
082 ## - DEWEY DECIMAL CLASSIFICATION NUMBER
Classification number 658.84
Item number COU-M
100 ## - MAIN ENTRY--AUTHOR
Author Name Coughlan;Anne T.
245 ## - TITLE STATEMENT
Title Marketing Channels
250 ## - EDITION STATEMENT
Edition statement 7th.ed.
260 ## - PUBLICATION, DISTRIBUTION, ETC.
Place of Publication India
Name of publisher, distributor, etc. Pearson Prentice Hall
Date of publication, distribution, etc. 2013
300 ## - PHYSICAL DESCRIPTION
Pages 564
500 ## - GENERAL NOTE
General note Include Index
650 ## - SUBJECT ADDED ENTRY--TOPICAL TERM
Subject / Department Management
700 ## - ADDED ENTRY--PERSONAL NAME
Personal name Anne T.Coughlan
952 ## - LOCATION AND ITEM INFORMATION (KOHA)
-- 0
-- 0
Holdings
Lost status Damaged status Permanent Location Current Location Shelving Location Date acquired Full Call Number Accession No./Barcode Date last seen item type
    Superior Information Resource Center (SIRC) Superior University- Main Campus Superior Information Resource Center (SIRC) Superior University- Main Campus management 09/13/2023 658.84 COU-M 2013 20413 09/13/2023 BOOK

Powered by Koha